• 首页
  • 本馆介绍
  • 公告通知
  • 最新文献
  • 馆藏检索
  • 电子资源
  • 读者导购
  • 参考咨询
  • 我的图书馆
  • 登录
  • 详细信息显示
  • 放入我的书架
  • 预约/预借图书
  • 作者相关作品
  • 分类相关作品
  • 丛书相关作品
  • 出版社相关作品

书目信息

  • 表格格式
  • 工作单格式
  • 卡片格式
题名:
空间结构论文选集
    
 
作者: ;中国土木工程学会桥梁及结构工程学会空间结构委员会 , 空间结构学术交流会 编
分册:  
出版信息: 北京   科学出版社  1985
页数: 230页
开本: 26cm
丛书名:
单 册:
中图分类: TU33
科图分类:
主题词: 薄壳结构 , 空间结构:薄壳结构
电子资源:
ISBN:
000 00920nam0 2200265 45
001 0185020694
005 20040514101654.4
010    @dCNY3.45
091    @a15031.635
100    @a19900923d1985 em y0chiy0121 ea
101 0  @achi
102    @aCN@b110000
105    @af z 000yy
106    @ar
200 10 @a空间结构论文选集@Akong jian jie gou lun wen xuan ji@f中国土木工程学会桥梁及结构工程学会空间结构委员会编
210    @a北京@c科学出版社@d1985
215    @a230页@c图@d26cm
606 0  @a薄壳结构
606 0  @a空间结构:薄壳结构
690    @aTU33
711 02 @a中国土木工程学会桥梁及结构工程学会空间结构委员会@Azhong guo tu mu gong cheng xue hui qiao liang jijie gou gong cheng xue hui kong jian jie gou wei yuan hui@4编
711 12 @a空间结构学术交流会@Akong jian jie gou xue shu jiao liu hui@d1@e福州
801  0 @aCN@b深圳图书馆@c20040514
801  2 @aCN@bNLC@c20040514
905    @f1@b131446@dTU33@e109
    
    空间结构论文选集/中国土木工程学会桥梁及结构工程学会空间结构委员会编.-北京:科学出版社,1985
    230页:图;26cm
    
    
    ISBN :CNY3.45
    
●
相关链接 在E读中查询图书 在五车中查询图书 在当当中查询图书 在豆瓣中查询图书


正题名:空间结构论文选集     索取号:TU33/109         预约/预借

序号 登录号 条形码 馆藏地/架位号 状态 备注
1 0131446   001484325   第三借阅区/ [索取号:TU33/109] 在馆    
2 0131447   001484254   第二样本阅览室/ [索取号:TU33/109] 在馆    
唐山师范学院图书馆 欢迎您!
大连网信软件有限公司© 版权所有